Valuation of intellectual property rights (Record no. 115431)

MARC details
000 -LEADER
fixed length control field 01200cad a22002775a 4500
001 - CONTROL NUMBER
control field L158643
008 - FIXED-LENGTH DATA ELEMENTS--GENERAL INFORMATION
fixed length control field 130206s2015 xxk f 000 0 eng d
020 ## - INTERNATIONAL STANDARD BOOK NUMBER
International Standard Book Number 9781783211029
035 ## - SYSTEM CONTROL NUMBER
System control number (Sirsi) u158643
041 0# - LANGUAGE CODE
Language code of text/sound track or separate title eng
110 2# - MAIN ENTRY--CORPORATE NAME
Corporate name or jurisdiction name as entry element Royal Institution of Chartered Surveyors
9 (RLIN) 4900
245 ## - TITLE STATEMENT
Title Valuation of intellectual property rights
Statement of responsibility, etc. [old edition]
260 ## - PUBLICATION, DISTRIBUTION, ETC.
Place of publication, distribution, etc. London
Name of publisher, distributor, etc. RICS
Date of publication, distribution, etc. 2015
300 ## - PHYSICAL DESCRIPTION
Extent 16p.
490 #0 - SERIES STATEMENT
Series statement RICS Guidance Note
520 ## - SUMMARY, ETC.
Summary, etc. Covers the valuation of intellectual property (IP), a subset of intangible assets. Its purpose is to expand on IVS 2013 and the Red Book in order to clarify the legal, functional and economic characteristics of IP that should be considered and reported on in an IP valuation. Effective from 20 May 2015.
590 ## - LOCAL NOTE (RLIN)
Local note KA
650 24 - SUBJECT ADDED ENTRY--TOPICAL TERM
Topical term or geographic name entry element INTELLECTUAL PROPERTY
650 24 - SUBJECT ADDED ENTRY--TOPICAL TERM
Topical term or geographic name entry element INTERNATIONAL VALUATION STANDARDS
650 24 - SUBJECT ADDED ENTRY--TOPICAL TERM
Topical term or geographic name entry element RICS valuation standards
651 #4 - SUBJECT ADDED ENTRY--GEOGRAPHIC NAME
Geographic name International
690 ## - LOCAL SUBJECT ADDED ENTRY--TOPICAL TERM (OCLC, RLIN)
Topical term or geographic name as entry element Valuation
9 (RLIN) 6273
700 1# - ADDED ENTRY--PERSONAL NAME
Personal name Herbeden, Tim
856 ## - ELECTRONIC LOCATION AND ACCESS
Uniform Resource Identifier <a href="https://www.isurv.com/downloads/file/6471/archive_valuation_of_intellectual_property_rights_1st_edition">https://www.isurv.com/downloads/file/6471/archive_valuation_of_intellectual_property_rights_1st_edition</a>
Public note Archived copy available on iSurv (subscription required)
942 ## - ADDED ENTRY ELEMENTS (KOHA)
Suppress in OPAC 0
Source of classification or shelving scheme Dewey Decimal Classification
Holdings
Withdrawn status Lost status Source of classification or shelving scheme Damaged status Not for loan Home library Current library Shelving location Date acquired Total Checkouts Full call number Date last seen Copy number Koha item type Price effective from
    Dewey Decimal Classification     Archives Archives RICS Boxes 20/05/2015   RICS 2015/18 22/03/2023 1 Book  
    Dewey Decimal Classification     Virtual Virtual Online 22/03/2023   iSurv 22/03/2023   Online material 22/03/2023